Загрузка...
business mathematics and statistics
| Главный автор: | |
|---|---|
| Другие авторы: | |
| Формат: | Printed Book |
| Язык: | Undetermined English |
| Опубликовано: |
New Delhi
Kalyani Publishers
1990
|
| Предметы: |
| LEADER | 00642nam a2200229Ia 4500 | ||
|---|---|---|---|
| 008 | 140306s9999 xx 000 0 und d | ||
| 020 | |a 8170961858 | ||
| 041 | |a eng | ||
| 082 | |a 519 |b NAG/BU | ||
| 100 | |a Chanda, S C | ||
| 245 | |a business mathematics and statistics | ||
| 260 | |a New Delhi |b Kalyani Publishers |c 1990 | ||
| 300 | |a 544 | ||
| 365 | |b Rs.52 | ||
| 650 | |a Calculus | ||
| 650 | |a Dispersion | ||
| 650 | |a Gemetry | ||
| 650 | |a Probability | ||
| 700 | |a Nag N K | ||
| 942 | |2 ddc |c BK | ||
| 999 | |c 182757 |d 182757 | ||
| 952 | |0 0 |1 0 |2 ddc |4 0 |6 519_000000000000000_NAG_BU |7 0 |9 188495 |a KAUCBV |b KAUCBV |g 52.00 |o 519 NAG/BU |r 2014-03-22 |w 2014-03-22 |y BK | ||